Statistics for Oldest Independent Countries in the World

Click here to take the quiz!

General Stats

  • This quiz has been taken 86 times
  • The average score is 16 of 25

Answer Stats

Year of establishmentCountry% Correct
2070 BCEChina
94%
1707United Kingdom
92%
660 BCEJapan
88%
496France
86%
1469Spain
82%
1128Portugal
81%
1283Russia
81%
1776USA
78%
678 BCEIran
76%
860Sweden
76%
950Denmark
75%
1600San Marino
72%
1291Switzerland
69%
1648Netherlands
64%
1804Austria
60%
1782Thailand
58%
895Hungary
57%
966Poland
57%
1719Liechtenstein
50%
1768Nepal
44%
1709Afghanistan
38%
788Morocco
33%
1198Czechia
32%
1804Haiti
29%
1145Oman
29%

Score Distribution

Percentile by Number Answered

Percent of People with Each Score

Your Score History

You have not taken this quiz